000 00407cam a2200181 4500
001 D12736
008 090401t1914 xxu||||| |||| 00| 0 eng d
035 _a(Sirsi) u5379
041 _aeng
100 _aFletcher, Banister
245 _aDilapidations and fixtures
250 _a7th
260 _aLondon
_bB T Batsford
_c1914
350 _a0
520 _aShelf 115
942 _n0
948 _c04/03/1997
999 _c86171
_d86171